Word Ladder: Don't Wait! Quiz Stats

 Plays Quiz Updated Feb 12, 2013

Support Sporcle.
Go Orange.
Score 0/19 Timer 02:00
0 Plays Today
Hint 4-Letter Word % Correct
Shopping stripMALL
93.3%
► SUPERMAN'S GAL LOIS ____► LANE ►
92.7%
Kind of eagleBALD
91.8%
Clenched handFIST
91.3%
Machine found in casinosSLOT
91.1%
Belly button fuzzLINT
89.3%
► FORMAL DANCE ►► BALL ►
89%
Lion's pride?MANE
88.8%
Nephew, father or baron, e.g.MALE
87.7%
Point connectorLINE
87.5%
Hint 4-Letter Word % Correct
RosterLIST
86.3%
Forfeit a handFOLD
83.9%
Heedless of dangerBOLD
82.7%
Skirt featureSLIT
82.3%
► ACTOR ____ PICKENS ►► SLIM ►
66.3%
► MERINGUE, MANGO, OR MEAT ►► FOOD ►
63.6%
Kind of soldier or noteFOOT
60.1%
LampblackSOOT
58.9%
► COMMON BOND ►► FAST ►
40.2%

Today's Daily Dose

Word Ladder
ING Words

Get the Picture
Nearest Volcano

From the Vault

Coldplay Songs

by MorganStehr

Music 14m
Coldplay have sold over 50 million records, we are guessing you might know one or two of their songs.
Remove Ads.
Support Sporcle.
Get the best of Sporcle when you Go Orange. This ad-free experience offers more features, more stats, and more fun while also helping to support Sporcle. Thank you for becoming a member.

Show Comments

Extras

Top Quizzes Today


Score Distribution

Your Account Isn't Verified!

In order to create a playlist on Sporcle, you need to verify the email address you used during registration. Go to your Sporcle Settings to finish the process.

Report this User

Report this user for behavior that violates our Community Guidelines.

Details: